<?xml version="1.0" encoding="UTF-8"?>
<record
    xmlns:xsi="http://www.w3.org/2001/XMLSchema-instance"
    xsi:schemaLocation="http://www.loc.gov/MARC21/slim http://www.loc.gov/standards/marcxml/schema/MARC21slim.xsd"
    xmlns="http://www.loc.gov/MARC21/slim">

  <leader>00966    a2200193   4500</leader>
  <datafield tag="999" ind1=" " ind2=" ">
    <subfield code="c">25596</subfield>
    <subfield code="d">25596</subfield>
  </datafield>
  <datafield tag="010" ind1=" " ind2=" ">
    <subfield code="a">B-284397                                 B-260374,  B-214086</subfield>
  </datafield>
  <datafield tag="020" ind1=" " ind2=" ">
    <subfield code="a">9780099516125</subfield>
    <subfield code="c">369.00 (&#xA3; 4.10)                         338.00</subfield>
  </datafield>
  <datafield tag="035" ind1=" " ind2=" ">
    <subfield code="a">B-284397                                 B-260374,   B-214086</subfield>
  </datafield>
  <datafield tag="037" ind1=" " ind2=" ">
    <subfield code="b">Super</subfield>
  </datafield>
  <datafield tag="082" ind1=" " ind2=" ">
    <subfield code="a">N</subfield>
  </datafield>
  <datafield tag="100" ind1=" " ind2=" ">
    <subfield code="a">Powers, Richard</subfield>
  </datafield>
  <datafield tag="245" ind1=" " ind2=" ">
    <subfield code="a">The echo maker /</subfield>
    <subfield code="c">by Richard Powers</subfield>
  </datafield>
  <datafield tag="260" ind1=" " ind2=" ">
    <subfield code="a">London</subfield>
    <subfield code="b">Vintage Books</subfield>
    <subfield code="c">2007</subfield>
  </datafield>
  <datafield tag="270" ind1=" " ind2=" ">
    <subfield code="a">Random House, 20 Vauxhall Bridge Road, </subfield>
    <subfield code="b">London</subfield>
    <subfield code="e">SW 1V 2SA</subfield>
    <subfield code="m">www.vintage-books.co.uk</subfield>
  </datafield>
  <datafield tag="300" ind1=" " ind2=" ">
    <subfield code="a">569p</subfield>
    <subfield code="c">18cm.(pbk)</subfield>
  </datafield>
  <datafield tag="942" ind1=" " ind2=" ">
    <subfield code="a">dpl</subfield>
    <subfield code="c">EN</subfield>
    <subfield code="2">ddc</subfield>
    <subfield code="h">N</subfield>
    <subfield code="m">POW</subfield>
  </datafield>
  <datafield tag="952" ind1=" " ind2=" ">
    <subfield code="0">0</subfield>
    <subfield code="1">0</subfield>
    <subfield code="2">ddc</subfield>
    <subfield code="4">0</subfield>
    <subfield code="7">0</subfield>
    <subfield code="8">FIC</subfield>
    <subfield code="a">VP</subfield>
    <subfield code="b">VP</subfield>
    <subfield code="d">2009-03-30</subfield>
    <subfield code="e">Super/45011/2.8.08/186/21.7.08/13.8.08</subfield>
    <subfield code="g">369.00</subfield>
    <subfield code="l">0</subfield>
    <subfield code="o">N POW</subfield>
    <subfield code="p">B-284397</subfield>
    <subfield code="r">2009-03-30 00:00:00</subfield>
    <subfield code="t">1</subfield>
    <subfield code="v">369.00</subfield>
    <subfield code="w">2009-03-30</subfield>
    <subfield code="y">EN</subfield>
  </datafield>
  <datafield tag="952" ind1=" " ind2=" ">
    <subfield code="0">0</subfield>
    <subfield code="1">0</subfield>
    <subfield code="2">ddc</subfield>
    <subfield code="4">0</subfield>
    <subfield code="7">0</subfield>
    <subfield code="8">NFIC</subfield>
    <subfield code="a">VP</subfield>
    <subfield code="b">VP</subfield>
    <subfield code="d">2011-02-14</subfield>
    <subfield code="e">Super/43125/11.3.08/17/19.5.08</subfield>
    <subfield code="g">338.00</subfield>
    <subfield code="l">4</subfield>
    <subfield code="o">N POW</subfield>
    <subfield code="p">B-260374</subfield>
    <subfield code="r">2019-06-25 00:00:00</subfield>
    <subfield code="s">2019-05-28</subfield>
    <subfield code="t">1</subfield>
    <subfield code="v">338.00</subfield>
    <subfield code="w">2011-02-14</subfield>
    <subfield code="y">EN</subfield>
  </datafield>
  <datafield tag="952" ind1=" " ind2=" ">
    <subfield code="0">0</subfield>
    <subfield code="1">0</subfield>
    <subfield code="4">0</subfield>
    <subfield code="7">0</subfield>
    <subfield code="8">FIC</subfield>
    <subfield code="a">RC</subfield>
    <subfield code="b">RC</subfield>
    <subfield code="d">2018-11-10</subfield>
    <subfield code="l">0</subfield>
    <subfield code="o">N POW</subfield>
    <subfield code="p"> B-214086</subfield>
    <subfield code="r">2018-11-10 00:00:00</subfield>
    <subfield code="t">1</subfield>
    <subfield code="w">2018-11-10</subfield>
    <subfield code="y">EN</subfield>
  </datafield>
</record>
